Profiles of people in power : (Record no. 13788)
[ view plain ]
| 000 -LEADER | |
|---|---|
| fixed length control field | 02190nam a2200265 a 4500 |
| 001 - CONTROL NUMBER | |
| control field | ASIN185743126X |
| 005 - DATE AND TIME OF LATEST TRANSACTION | |
| control field | 20170105102839.0 |
| 008 - FIXED-LENGTH DATA ELEMENTS--GENERAL INFORMATION | |
| fixed length control field | 130802s2003 xxu eng d |
| 020 ## - INTERNATIONAL STANDARD BOOK NUMBER | |
| International Standard Book Number | 185743126X (hardcover) |
| Terms of availability | $200.00 |
| 020 ## - INTERNATIONAL STANDARD BOOK NUMBER | |
| International Standard Book Number | 9781857431261 (hardcover) |
| 040 ## - CATALOGING SOURCE | |
| Original cataloging agency | 0 |
| 050 04 - LIBRARY OF CONGRESS CALL NUMBER | |
| Classification number | JF251 |
| 082 04 - DEWEY DECIMAL CLASSIFICATION NUMBER | |
| Classification number | 321.00922 |
| 100 1# - MAIN ENTRY--PERSONAL NAME | |
| Personal name | Ed, Eur 1st. |
| 245 10 - TITLE STATEMENT | |
| Title | Profiles of people in power : |
| Remainder of title | the world's government leaders / |
| Statement of responsibility, etc. | Eur 1st Ed. |
| 250 ## - EDITION STATEMENT | |
| Edition statement | 1st ed. |
| 260 ## - PUBLICATION, DISTRIBUTION, ETC. | |
| Place of publication, distribution, etc. | [S.l.] : |
| Name of publisher, distributor, etc. | Europa Publications, |
| Date of publication, distribution, etc. | 2003. |
| 300 ## - PHYSICAL DESCRIPTION | |
| Extent | 656 p. ; |
| Dimensions | 24 cm. |
| 520 ## - SUMMARY, ETC. | |
| Summary, etc. | This new work of biographical reference presents succinct narrative biographies of every serving head of state and head of government. Covering some 200 countries and territories, this book offers truly international coverage and provides invaluable background material on the world's government leaders. Featuring some 300 biographical profiles, it identifies some of the most important people in international affairs and clearly explains each country's type of government. A photographic section of a selection of the world's political leaders helps put a name to the face. In addition, addresses and telephone/fax/e-mail/internet details are listed in a user-friendly appendix. Each country section contains: * A brief explanation of its type of government and the respective roles of the head of state, the head of government and the legislature * A listing of the most recent heads of state and head of government, with dates of office * Biographical profiles of the current head of state and head of government, and other recent incumbents of these positions who remain significant and active political leaders * Photographic section with pictures of many of the world's political leaders * Fully indexed by name, date of taking office, and source of authority Profiles of People in Power will prove valuable to public, academic and school libraries, as well as news agencies and government organizations. |
| 650 #0 - SUBJECT ADDED ENTRY--TOPICAL TERM | |
| Topical term or geographic name entry element | Heads of state |
| 650 #0 - SUBJECT ADDED ENTRY--TOPICAL TERM | |
| Topical term or geographic name entry element | Prime ministers |
| 650 #0 - SUBJECT ADDED ENTRY--TOPICAL TERM | |
| Topical term or geographic name entry element | World politics |
| 856 40 - ELECTRONIC LOCATION AND ACCESS | |
| Materials specified | Amazon.com |
| Uniform Resource Identifier | <a href="http://www.amazon.com/exec/obidos/ASIN/185743126X/chopaconline-20">http://www.amazon.com/exec/obidos/ASIN/185743126X/chopaconline-20</a> |
| 942 ## - ADDED ENTRY ELEMENTS (KOHA) | |
| Source of classification or shelving scheme | |
| Koha item type | Book |
| Withdrawn status | Lost status | Damaged status | Not for loan | Collection code | Permanent Location | Current Location | Shelving location | Date acquired | Total Checkouts | Full call number | Barcode | Date last seen | Price effective from | Koha item type |
|---|---|---|---|---|---|---|---|---|---|---|---|---|---|---|
| Centre for International Peace & Stability (CIPS) | Centre for International Peace & Stability (CIPS) | General Stacks | 08/02/2013 | 321.00922 EAS 2003 | CIPS0000119 | 08/02/2013 | 01/05/2017 | Book |
